000 00840nam a22002417a 4500
999 _c65570
_d65570
005 20240530110831.0
008 190903s2005 ua a g b 000 0 ara d
017 _bمصر. دار الكتب
_a2004/3470
020 _a9771426222
040 _aEG-CaGPL
_cEG-CaGPL
082 0 4 _221
_a229.7 \
_bأ ت
100 0 _aاحمد شوقى ابراهيم
245 1 0 _aتسبيح الكون /
_cاحمد شوقى ابراهيم
250 _aط.3
260 _aالقاهرة :
_bنهضة مصر للطباعة والنشر والتوزيع،
_c2005 .
300 _a161 ص. ؛
_c24 سم.
504 _aيشتمل على ارجاعات ببليوجرافية
650 0 7 _aالابتهالات الدينية
_2qrmak
650 0 7 _2التسبيح
651 _2qrmak
942 _2ddc
_cBK